[Event "Excelsior May op U1600"]
[Site "Toronto CAN"]
[Date "2023.05.20"]
[Round "2.18"]
[White "Yusuf, Atiba"]
[Black "Uyanik, Mehmet"]
[Result "1-0"]
[WhiteElo "1399"]
[BlackElo "1256"]
[PlyCount "119"]
[EventDate "2023.05.19"]
[EventType "swiss"]
[EventRounds "5"]
[EventCountry "CAN"]

1. e4 b6 2. d4 Bb7 3. Bd3 g6 4. Ne2 Bg7 5. c3 Nf6 6. Nd2 O-O 7. Qc2 Nc6 8. Nf3
d6 9. Bg5 Re8 10. O-O e5 11. dxe5 Nxe5 12. Nxe5 dxe5 13. Rad1 Qc8 14. Ng3 Qg4
15. Bxf6 Bxf6 16. Bc4 Rad8 17. Qb3 Rf8 18. f3 Qf4 19. Rfe1 Bh4 20. Kf2 Rd2+ 21.
Rxd2 Qxd2+ 22. Re2 Qd7 23. Re3 Bc6 24. Rd3 Qe8 25. Kg1 Ba4 26. Qa3 b5 27. Bd5
c6 28. b3 Be7 29. Qb2 cxd5 30. bxa4 dxe4 31. Nxe4 bxa4 32. Qb7 Qb8 33. Rd7 Qxb7
34. Rxb7 Ba3 35. Kf1 f5 36. Ng5 h6 37. Ne6 Rf6 38. Nc7 Bc5 39. Ke2 Rf7 40. Rb8+
Kh7 41. Nd5 e4 42. f4 g5 43. Rb5 Bd6 44. g3 gxf4 45. Nxf4 Bf8 46. Ke3 Bg7 47.
c4 Bf8 48. Rd5 Kg8 49. c5 Rf6 50. Ne2 Kf7 51. Nd4 Kg6 52. c6 Bd6 53. Rxd6 Rxd6
54. c7 Kf7 55. c8=Q Rf6 56. Qd7+ Kg6 57. Kf4 a3 58. Nxf5 Rf7 59. Qe6+ Rf6 60.
Qg8+ 1-0

[Event "Excelsior May op U1600"]
[Site "Toronto CAN"]
[Date "2023.05.20"]
[Round "2.19"]
[White "Guan, Marie"]
[Black "Vale, Noah"]
[Result "0-1"]
[WhiteElo "1231"]
[BlackElo "1393"]
[PlyCount "56"]
[EventDate "2023.05.19"]
[EventType "swiss"]
[EventRounds "5"]
[EventCountry "CAN"]

1. e4 c6 2. d4 d5 3. e5 Bf5 4. h4 h6 5. g4 Bh7 6. e6 fxe6 7. Nf3 Nd7 8. Bd3
Bxd3 9. Qxd3 Qc7 10. Qg6+ Kd8 11. Qf7 Ngf6 12. Qxe6 Ne4 13. c4 Qd6 14. Qf5 e6
15. Qg6 Qe7 16. g5 Kc8 17. c5 e5 18. gxh6 gxh6 19. dxe5 Nxe5 20. Qf5+ Nd7 21.
Bf4 Ng3+ 22. Be5 Nxf5 23. O-O Nxe5 24. Re1 Nxf3+ 25. Kg2 Qxe1 26. Nd2 Rg8+ 27.
Kxf3 Nxh4+ 28. Kf4 Qxd2+ 0-1

[Event "Excelsior May op U1600"]
[Site "Toronto CAN"]
[Date "2023.05.20"]
[Round "2.20"]
[White "Naiboglu, Onur"]
[Black "Lin, Austin"]
[Result "1/2-1/2"]
[WhiteElo "1380"]
[BlackElo "1224"]
[PlyCount "85"]
[EventDate "2023.05.19"]
[EventType "swiss"]
[EventRounds "5"]
[EventCountry "CAN"]

1. e4 c6 2. d4 d5 3. Nc3 dxe4 4. Nxe4 Nf6 5. Nxf6+ exf6 6. Nf3 Bd6 7. h3 Be6 8.
Bd3 Nd7 9. O-O O-O 10. c4 h6 11. b3 Be7 12. Bc2 Nb6 13. Qd3 f5 14. Nh2 Bg5 15.
Nf3 Bxc1 16. Raxc1 Nc8 17. Rcd1 Nd6 18. Rfe1 Rc8 19. Qd2 Qc7 20. Re5 Rfe8 21.
c5 Ne4 22. Bxe4 fxe4 23. Rxe4 Bd5 24. Rxe8+ Rxe8 25. Re1 Rxe1+ 26. Nxe1 Qe7 27.
Qe3 Qc7 28. Qd2 Qe7 29. Nd3 Qe4 30. Nf4 Qb1+ 31. Kh2 Be4 32. Qe2 Kf8 33. Qg4
Bf5 34. Qe2 Qe4 35. Qxe4 Bxe4 36. Kg3 Ke7 37. Ne2 h5 38. f3 Bc2 39. Nc3 Ke6 40.
Kf4 Bd3 41. Ke3 Bf1 42. Kf2 Bd3 43. a4 1/2-1/2

[Event "Excelsior May op U1600"]
[Site "Toronto CAN"]
[Date "2023.05.20"]
[Round "2.22"]
[White "Fu, Odyssey"]
[Black "Anish, Diganth"]
[Result "1-0"]
[WhiteElo "1320"]
[BlackElo "1169"]
[PlyCount "137"]
[EventDate "2023.05.19"]
[EventType "swiss"]
[EventRounds "5"]
[EventCountry "CAN"]

1. e4 c5 2. Nf3 d6 3. d4 cxd4 4. Nxd4 Nf6 5. Nc3 g6 6. Be3 Bg7 7. f3 O-O 8. g4
Nfd7 9. Qd2 Ne5 10. Be2 Nec6 11. Nxc6 Nxc6 12. Bh6 e6 13. O-O-O Nb4 14. Bxg7
Nxa2+ 15. Nxa2 Kxg7 16. h4 h6 17. Qxd6 Qa5 18. Bc4 b5 19. Qe5+ Kg8 20. Qxb5 Qc7
21. Be2 Rb8 22. Qc4 Qb6 23. Qc3 Ba6 24. Bxa6 Qxa6 25. Qa3 Qb7 26. h5 g5 27. Rd3
Rfc8 28. Rhd1 Qc7 29. Nc3 Qb6 30. Na4 Qc7 31. Rc3 Qf4+ 32. Kb1 Rf8 33. Nc5 Ra8
34. Nd7 Rfe8 35. Rc4 Kg7 36. Qc3+ e5 37. Rc5 Rad8 38. Rcd5 f6 39. Nc5 Rxd5 40.
Rxd5 Re7 41. Rd7 Rxd7 42. Ne6+ Kf7 43. Nxf4 gxf4 44. Qc4+ Kg7 45. Qe6 Rd1+ 46.
Ka2 Rd2 47. Qe7+ Kg8 48. Qe6+ Kg7 49. Qe7+ Kg8 50. Qxf6 Rxc2 51. Qg6+ Kf8 52.
Qxh6+ Ke7 53. Qg7+ Kd6 54. h6 Rc6 55. Qf6+ Kc5 56. Qxc6+ Kxc6 57. h7 Kc5 58.
h8=Q Kd4 59. Qd8+ Ke3 60. Qd1 a5 61. Kb3 a4+ 62. Kc3 a3 63. bxa3 Kf2 64. Kd3
Kg3 65. Qh1 Kf2 66. Qh2+ Kf1 67. Kc3 Ke1 68. Qg2 Kd1 69. Qd2# 1-0

[Event "Excelsior May op U1600"]
[Site "Toronto CAN"]
[Date "2023.05.20"]
[Round "2.23"]
[White "Chen, Sam"]
[Black "Pedersen, Noah"]
[Result "0-1"]
[WhiteElo "1304"]
[BlackElo "1123"]
[PlyCount "70"]
[EventDate "2023.05.19"]
[EventType "swiss"]
[EventRounds "5"]
[EventCountry "CAN"]

1. e4 c5 2. Nf3 e6 3. d4 cxd4 4. Nxd4 a6 5. Nc3 Qc7 6. Be3 Nf6 7. Be2 b5 8. a3
Bb7 9. f3 Be7 10. Qd2 O-O 11. O-O d6 12. Rad1 Nbd7 13. Bd3 Ne5 14. Qe2 Rac8 15.
Nb3 Nfd7 16. Bf4 Bf6 17. Rc1 Ng6 18. Bd2 b4 19. axb4 Qb6+ 20. Kh1 Nge5 21. Na4
Qc7 22. Bxa6 Bxa6 23. Qxa6 Ra8 24. Qe2 Rxa4 25. Na5 Nb6 26. Bc3 Nec4 27. Bxf6
gxf6 28. Nxc4 Qxc4 29. Qxc4 Nxc4 30. b3 Rxb4 31. bxc4 Rxc4 32. Rfd1 Rc6 33. Rd3
Kg7 34. c3 Kg6 35. f4 f5 0-1

[Event "Excelsior May op U1600"]
[Site "Toronto CAN"]
[Date "2023.05.20"]
[Round "2.24"]
[White "Sekaran, Adithya"]
[Black "Fu, Ashley"]
[Result "1-0"]
[WhiteElo "1324"]
[BlackElo "860"]
[PlyCount "77"]
[EventDate "2023.05.19"]
[EventType "swiss"]
[EventRounds "5"]
[EventCountry "CAN"]

1. e4 e5 2. Nf3 Nc6 3. Bb5 a6 4. Ba4 Nf6 5. O-O b5 6. Bb3 Be7 7. Re1 d6 8. a4
b4 9. d4 Bg4 10. c3 bxc3 11. bxc3 Bxf3 12. Qxf3 exd4 13. Bd5 Ne5 14. Qg3 Nxd5
15. cxd4 Ng6 16. exd5 O-O 17. Nc3 Rc8 18. Be3 c6 19. dxc6 Rxc6 20. Nd5 Bh4 21.
Qf3 Qd7 22. Bf4 Qf5 23. g3 Bg5 24. Nf6+ Qxf6 25. Qxc6 Bxf4 26. gxf4 Nxf4 27.
Qf3 Qxd4 28. Rad1 Qf6 29. Rd2 Nh3+ 30. Kg2 Qg5+ 31. Kxh3 Qxd2 32. Rg1 Qh6+ 33.
Kg2 Qg6+ 34. Kh1 Qc2 35. Qg4 Qc6+ 36. f3 Qc3 37. Rg3 d5 38. Rg1 d4 39. Qxg7#
1-0

[Event "Excelsior May op U1600"]
[Site "Toronto CAN"]
[Date "2023.05.20"]
[Round "2.25"]
[White "Sheth, Rudra"]
[Black "Dave, Jashank"]
[Result "1-0"]
[WhiteElo "1438"]
[BlackElo "1241"]
[PlyCount "71"]
[EventDate "2023.05.19"]
[EventType "swiss"]
[EventRounds "5"]
[EventCountry "CAN"]

1. e4 e5 2. Nc3 Nc6 3. Bc4 Nf6 4. d3 d6 5. f4 Bg4 6. Nge2 Nh5 7. O-O Be7 8.
fxe5 Nxe5 9. Bb3 O-O 10. h3 Bxe2 11. Nxe2 c6 12. d4 Ng6 13. Qd3 Bg5 14. g4 Bxc1
15. Raxc1 Nf6 16. Nf4 Ne7 17. g5 Nd7 18. Qg3 Kh8 19. Nh5 d5 20. e5 c5 21. c3 c4
22. Bc2 Qe8 23. Kh2 Ng6 24. Nf4 Nb6 25. h4 Nxf4 26. Rxf4 h5 27. gxh6 g6 28.
Rcf1 Nd7 29. h5 Kh7 30. hxg6+ fxg6 31. Rxf8 Nxf8 32. Rxf8 Qc6 33. Rxa8 Kxh6 34.
Qh4+ Kg7 35. Qh8+ Kf7 36. Qf8+ 1-0

[Event "Excelsior May op U1600"]
[Site "Toronto CAN"]
[Date "2023.05.20"]
[Round "2.26"]
[White "Lukinykh, Slava"]
[Black "Roque, Alexa"]
[Result "1-0"]
[WhiteElo "1371"]
[BlackElo "874"]
[PlyCount "99"]
[EventDate "2023.05.19"]
[EventType "swiss"]
[EventRounds "5"]
[EventCountry "CAN"]

1. e4 c6 2. d4 d5 3. Nc3 dxe4 4. Nxe4 Nf6 5. Nxf6+ exf6 6. Nf3 Bd6 7. Be2 O-O
8. O-O Bf5 9. Re1 Nd7 10. h3 Qc7 11. Bd3 Bxd3 12. Qxd3 Rfe8 13. Be3 Rad8 14.
Qb3 Nb6 15. c4 c5 16. d5 Bf4 17. Nd2 Qd6 18. Qd3 Bxe3 19. Rxe3 Rxe3 20. Qxe3
Nd7 21. b3 Qe5 22. Re1 Re8 23. Qxe5 fxe5 24. Ne4 f5 25. Nd6 Rf8 26. Nxb7 e4 27.
f3 g6 28. fxe4 Re8 29. e5 Nxe5 30. Kf1 Kf8 31. Nxc5 Nf7 32. Nd7+ Kg7 33. Rxe8
Nd6 34. Re7+ Kh6 35. Nf6 g5 36. Rxa7 Kg6 37. Ra6 Nf7 38. Re6 Nd8 39. Rb6 Nf7
40. a4 h5 41. a5 g4 42. hxg4 fxg4 43. a6 h4 44. a7 h3 45. gxh3 g3 46. a8=Q g2+
47. Kxg2 Nh6 48. Qe8+ Kf5 49. Qe4+ Kg5 50. h4# 1-0

[Event "Excelsior May op U1600"]
[Site "Toronto CAN"]
[Date "2023.05.20"]
[Round "2.27"]
[White "Khezri, Hamed"]
[Black "Ishow, Youssef"]
[Result "1-0"]
[WhiteElo "1210"]
[BlackElo "595"]
[PlyCount "87"]
[EventDate "2023.05.19"]
[EventType "swiss"]
[EventRounds "5"]
[EventCountry "CAN"]

1. e4 c6 2. d4 d5 3. exd5 cxd5 4. Bd3 g6 5. h3 Bg7 6. c3 Nf6 7. Nf3 O-O 8. O-O
Nc6 9. Re1 Re8 10. Bg5 Qb6 11. Qc2 Bf5 12. Bxf5 gxf5 13. Nbd2 h6 14. Bh4 e6 15.
Nb3 Rad8 16. Re2 Nh5 17. Bxd8 Nxd8 18. Rae1 Nf4 19. Re3 a5 20. Ne5 Re7 21. Nc5
Qc7 22. Qd1 b6 23. Nb3 a4 24. Nc1 f6 25. Nf3 Qc4 26. b3 axb3 27. axb3 Qa6 28.
Nd3 Nxd3 29. Rxd3 e5 30. dxe5 fxe5 31. Rxd5 Qc8 32. Rxd8+ Re8 33. Rxc8 Rxc8 34.
Qd5+ Kh7 35. Nxe5 Rf8 36. Nd7 Rg8 37. Re7 Kh8 38. Qxf5 Ra8 39. Rxg7 Kxg7 40.
Qf6+ Kh7 41. Qf7+ Kh8 42. Nf6 Ra1+ 43. Kh2 Ra8 44. Qh7# 1-0

[Event "Excelsior May op U1600"]
[Site "Toronto CAN"]
[Date "2023.05.20"]
[Round "3.16"]
[White "Saltat, Michael"]
[Black "Zhan, Jayden Zihan"]
[Result "1-0"]
[WhiteElo "1546"]
[BlackElo "1374"]
[PlyCount "81"]
[EventDate "2023.05.19"]
[EventType "swiss"]
[EventRounds "5"]
[EventCountry "CAN"]

1. e4 e6 2. d4 d5 3. exd5 exd5 4. Nf3 Bd6 5. c4 c6 6. Nc3 Nf6 7. Bg5 Be7 8. Be2
O-O 9. O-O Bf5 10. Qb3 dxc4 11. Qxb7 Nbd7 12. Bxc4 Nb6 13. Bb3 Rb8 14. Qa6 Qc7
15. Rac1 Qd6 16. Ne2 Nfd5 17. Bxe7 Nxe7 18. Ng3 Be6 19. Ne4 Qf4 20. Bxe6 Qxe4
21. Rfe1 Qf4 22. Bb3 Ned5 23. Rxc6 Nb4 24. Qb5 Nxc6 25. Qxc6 Rfe8 26. Qb5 Nc4
27. Qd5 Nxb2 28. g3 Qc7 29. Ne5 Rf8 30. Nd7 Rbd8 31. Re7 Qc1+ 32. Kg2 Nd3 33.
Rxf7 Ne1+ 34. Kf1 Nf3+ 35. Ke2 Ng1+ 36. Kd3 Qb1+ 37. Kc3 Rc8+ 38. Kb4 a5+ 39.
Ka4 Rxf7 40. Qxf7+ Kh8 41. Nf8 1-0

[Event "Excelsior May op U1600"]
[Site "Toronto CAN"]
[Date "2023.05.20"]
[Round "3.17"]
[White "Pedersen, Noah"]
[Black "Yusuf, Atiba"]
[Result "0-1"]
[WhiteElo "1123"]
[BlackElo "1399"]
[PlyCount "100"]
[EventDate "2023.05.19"]
[EventType "swiss"]
[EventRounds "5"]
[EventCountry "CAN"]

1. e4 d5 2. exd5 Qxd5 3. Nc3 Qd6 4. Nf3 Nf6 5. d4 a6 6. g3 Bg4 7. Bg2 Nc6 8.
Be3 e6 9. a3 Be7 10. Qd2 h6 11. O-O O-O 12. Bf4 Qd8 13. Ne5 Nxe5 14. dxe5 Nd7
15. Bxb7 Rb8 16. Bc6 Nb6 17. Qxd8 Rfxd8 18. b3 Bc5 19. Ne4 Be7 20. Rfc1 Nd5 21.
Bd2 Bf3 22. c4 Bxe4 23. cxd5 exd5 24. Ba5 Rxb3 25. Bxc7 Rc8 26. Bd7 Rf8 27. a4
Ba3 28. Rxa3 Rxa3 29. Bd6 Ra2 30. Bxf8 Kxf8 31. Bc6 Bf3 32. h4 Ke7 33. Kf1 Ke6
34. Re1 Rb2 35. Re3 Rb1+ 36. Re1 Rxe1+ 37. Kxe1 a5 38. Kd2 Kxe5 39. Kd3 Be4+
40. Kd2 Kd4 41. Bb5 Bf3 42. Kc2 Be4+ 43. Kd2 Kc5 44. Ke3 d4+ 45. Kd2 Bc6 46.
Bxc6 Kxc6 47. Kd3 Kd5 48. f3 f5 49. h5 Kc5 50. f4 Kd5 0-1

[Event "Excelsior May op U1600"]
[Site "Toronto CAN"]
[Date "2023.05.20"]
[Round "3.18"]
[White "Vale, Noah"]
[Black "Fu, Odyssey"]
[Result "0-1"]
[WhiteElo "1393"]
[BlackElo "1320"]
[PlyCount "90"]
[EventDate "2023.05.19"]
[EventType "swiss"]
[EventRounds "5"]
[EventCountry "CAN"]

1. e4 c5 2. Nf3 Nc6 3. d4 cxd4 4. Nxd4 Nf6 5. Nxc6 bxc6 6. Nc3 d5 7. exd5 cxd5
8. Bb5+ Bd7 9. Bxd7+ Qxd7 10. Qd4 e6 11. O-O Rc8 12. Bg5 Rc4 13. Qd3 Be7 14.
Rfd1 h6 15. Be3 Bd6 16. h3 O-O 17. b3 Rc6 18. Nb5 Bb8 19. Rac1 a6 20. Nd4 Qc7
21. g3 Rc3 22. Qe2 e5 23. Nf3 d4 24. Bd2 Rxc2 25. Qd3 Rxc1 26. Rxc1 Qd6 27. Qc4
Rd8 28. Nh4 Qd7 29. Kg2 g5 30. Qxa6 Kg7 31. Ba5 Re8 32. Rc6 gxh4 33. Rxf6 hxg3
34. Rxh6 Qf5 35. fxg3 e4 36. Be1 Qf3+ 37. Kh2 Re6 38. Rxe6 fxe6 39. Qc4 e5 40.
Qc2 d3 41. Qd2 Kg6 42. Qg2 Ba7 43. Qxf3 exf3 44. Bd2 e4 45. g4 e3 0-1

[Event "Excelsior May op U1600"]
[Site "Toronto CAN"]
[Date "2023.05.20"]
[Round "3.19"]
[White "Chen, Michael"]
[Black "Naiboglu, Onur"]
[Result "1/2-1/2"]
[WhiteElo "1288"]
[BlackElo "1380"]
[PlyCount "93"]
[EventDate "2023.05.19"]
[EventType "swiss"]
[EventRounds "5"]
[EventCountry "CAN"]

1. d4 Nf6 2. c4 e6 3. Nf3 d5 4. Nc3 Bb4 5. Bg5 Nbd7 6. e3 b6 7. a3 Bxc3+ 8.
bxc3 Ba6 9. Ne5 Qc8 10. Bxf6 Nxf6 11. Qa4+ Kf8 12. cxd5 Bxf1 13. Kxf1 exd5 14.
Qc6 Ke7 15. c4 Rd8 16. cxd5 Kf8 17. Rc1 Qa6+ 18. Qc4 Qxc4+ 19. Rxc4 Nxd5 20.
Ke2 f6 21. Nd3 Rac8 22. e4 Ne7 23. d5 Re8 24. Nf4 Kf7 25. h4 Ng6 26. Nxg6 Kxg6
27. g4 b5 28. Rb4 c5 29. dxc6 Rxc6 30. Kf3 Rc3+ 31. Kf4 a6 32. a4 Rc4 33. Rxc4
bxc4 34. Rc1 Rc8 35. Rc3 h5 36. f3 Kh6 37. Ke3 Kh7 38. gxh5 Kh6 39. Kd4 Rd8+
40. Kxc4 Kxh5 41. f4 Kxh4 42. f5 Kg4 43. Re3 Kf4 44. Re1 Ke5 45. Kc5 Rd4 46. a5
Rxe4 47. Rg1 1/2-1/2

[Event "Excelsior May op U1600"]
[Site "Toronto CAN"]
[Date "2023.05.20"]
[Round "3.20"]
[White "Lin, Austin"]
[Black "Sekaran, Adithya"]
[Result "1/2-1/2"]
[WhiteElo "1224"]
[BlackElo "1324"]
[PlyCount "71"]
[EventDate "2023.05.19"]
[EventType "swiss"]
[EventRounds "5"]
[EventCountry "CAN"]

1. e4 c6 2. c4 d5 3. cxd5 cxd5 4. exd5 Qxd5 5. Nc3 Qd8 6. Nf3 Nf6 7. d4 e6 8.
Be2 Bb4 9. O-O O-O 10. Be3 Nc6 11. a3 Bxc3 12. bxc3 b6 13. h3 Bb7 14. Re1 Rc8
15. Rc1 Qd7 16. Nh2 Rfe8 17. Ng4 Nxg4 18. Bxg4 f5 19. Bf3 Qd6 20. Ra1 Na5 21.
Bxb7 Nxb7 22. Qd3 Nc5 23. Qe2 Ne4 24. c4 Nf6 25. c5 bxc5 26. dxc5 Qc6 27. Rac1
Nd5 28. Qf3 Nxe3 29. Qxc6 Rxc6 30. Rxe3 Rec8 31. Rec3 Kf7 32. f3 Kf6 33. Kf2
Ke5 34. Re3+ Kf6 35. Rec3 Ke5 36. Re3+ 1/2-1/2

[Event "Excelsior May op U1600"]
[Site "Toronto CAN"]
[Date "2023.05.20"]
[Round "3.21"]
[White "Khezri, Hamed"]
[Black "Sheth, Rudra"]
[Result "0-1"]
[WhiteElo "1210"]
[BlackElo "1438"]
[PlyCount "62"]
[EventDate "2023.05.19"]
[EventType "swiss"]
[EventRounds "5"]
[EventCountry "CAN"]

1. e4 e6 2. d4 d5 3. exd5 exd5 4. Bd3 Bd6 5. h3 Nf6 6. Nf3 O-O 7. Bg5 Re8+ 8.
Be2 c6 9. O-O Bf5 10. Bd3 Bxd3 11. Qxd3 Nbd7 12. c3 Qc7 13. Nbd2 h6 14. Bh4 g5
15. Bg3 Bxg3 16. fxg3 Qxg3 17. Qf5 Re2 18. Ne1 Rxd2 19. Rf3 Qd6 20. h4 Qe6 21.
Qb1 g4 22. Rg3 Re8 23. Nf3 Qd6 24. Kh2 Rf2 25. Qc1 Ree2 26. Qxh6 Rxg2+ 27. Kh1
Qxg3 28. Qg5+ Kf8 29. Qh6+ Ke8 30. Qh8+ Nf8 31. Ng1 Qh2# 0-1

[Event "Excelsior May op U1600"]
[Site "Toronto CAN"]
[Date "2023.05.20"]
[Round "3.22"]
[White "Shah, Mustafa"]
[Black "Khamidov, Bek"]
[Result "1-0"]
[WhiteElo "1423"]
[BlackElo "1059"]
[PlyCount "115"]
[EventDate "2023.05.19"]
[EventType "swiss"]
[EventRounds "5"]
[EventCountry "CAN"]

1. d4 d5 2. Nf3 Bf5 3. Bf4 Nf6 4. e3 e6 5. h3 h6 6. Bd3 Bh7 7. Bxh7 Rxh7 8. Ne5
Nbd7 9. Nd2 Ne4 10. Nxe4 dxe4 11. c3 Bd6 12. Qc2 f5 13. Qb3 Bxe5 14. Qxe6+ Qe7
15. Qg6+ Qf7 16. Qxf7+ Kxf7 17. dxe5 Nc5 18. O-O Ke6 19. f3 Nd3 20. fxe4 fxe4
21. Bh2 Rhh8 22. b3 Rhf8 23. Rad1 c5 24. c4 b6 25. a3 Nxe5 26. Bxe5 Kxe5 27.
Rd5+ Ke6 28. Rfd1 Rf5 29. Rd6+ Kf7 30. Rd7+ Kf8 31. Rb7 Rf7 32. Rdd7 Rxd7 33.
Rxd7 g6 34. Kf2 h5 35. Kg3 Ke8 36. Rh7 Rd8 37. Rh8+ Ke7 38. Rxd8 Kxd8 39. Kf4
Ke7 40. Kxe4 Ke6 41. g4 h4 42. g5 a6 43. a4 a5 44. Kf4 Kd6 45. e4 Ke6 46. e5
Kf7 47. Kg4 Ke6 48. Kxh4 Kxe5 49. Kg4 Ke6 50. h4 Kf7 51. h5 gxh5+ 52. Kxh5 Kg7
53. g6 Kg8 54. Kg5 Kf8 55. Kf6 Kg8 56. Ke6 Kg7 57. Kd6 Kxg6 58. Kc6 1-0

[Event "Excelsior May op U1600"]
[Site "Toronto CAN"]
[Date "2023.05.20"]
[Round "3.23"]
[White "Anish, Diganth"]
[Black "Lukinykh, Slava"]
[Result "0-1"]
[WhiteElo "1169"]
[BlackElo "1371"]
[PlyCount "138"]
[EventDate "2023.05.19"]
[EventType "swiss"]
[EventRounds "5"]
[EventCountry "CAN"]

1. e4 c5 2. Nf3 Nc6 3. d4 cxd4 4. Nxd4 Nf6 5. Nc3 e5 6. Nxc6 bxc6 7. Bc4 Bb4 8.
Bg5 h6 9. Bxf6 Qxf6 10. O-O Bxc3 11. bxc3 O-O 12. Qd2 Qg6 13. Qd3 Rd8 14. Rad1
Bb7 15. Qf3 d5 16. Bd3 Qe6 17. exd5 cxd5 18. Bf5 Qa6 19. Qg3 e4 20. Ra1 Qf6 21.
Bg4 Ba6 22. Rfe1 Bc4 23. Qe3 Qb6 24. Qc1 Rab8 25. Qd2 Qc7 26. Qc1 Rb6 27. Re3
Rdb8 28. Rg3 Bxa2 29. Bd1 Rb1 30. Rxb1 Rxb1 31. Qd2 Qf4 32. Qd4 f6 33. Re3 Bc4
34. g3 Qg4 35. f3 Qg5 36. Kf2 exf3 37. Bxf3 Qf5 38. g4 Qg5 39. Kg2 Rb7 40. h4
Qg6 41. Bxd5+ Bxd5+ 42. Qxd5+ Qf7 43. Re8+ Kh7 44. Qd3+ g6 45. Re3 Rd7 46. Qe2
a5 47. Rf3 a4 48. Qa6 Rd2+ 49. Kf1 Qd7 50. Rxf6 a3 51. Rxg6 Rd1+ 52. Ke2 Qd2+
53. Kf3 Rf1+ 54. Qxf1 Qxc3+ 55. Kg2 Kxg6 56. Qa6+ Qf6 57. Qxf6+ Kxf6 58. c4 a2
59. g5+ hxg5 60. hxg5+ Kxg5 61. c5 a1=Q 62. c6 Qc3 63. Kf2 Qxc6 64. Kg3 Kf5 65.
Kh2 Qf3 66. Kg1 Qe2 67. Kh1 Kg4 68. Kg1 Kg3 69. Kh1 Qg2# 0-1

[Event "Excelsior May op U1600"]
[Site "Toronto CAN"]
[Date "2023.05.20"]
[Round "3.24"]
[White "Fu, Ashley"]
[Black "Chen, Sam"]
[Result "1-0"]
[WhiteElo "860"]
[BlackElo "1304"]
[PlyCount "111"]
[EventDate "2023.05.19"]
[EventType "swiss"]
[EventRounds "5"]
[EventCountry "CAN"]

1. e4 e5 2. Nf3 Nc6 3. Bc4 Nf6 4. Ng5 Bc5 5. Nxf7 Bxf2+ 6. Kxf2 Nxe4+ 7. Kg1
Qh4 8. g3 Nxg3 9. hxg3 Qxg3+ 10. Kf1 Rf8 11. Qe2 Qf4+ 12. Ke1 Nd4 13. Qd3 d6
14. Na3 Nf3+ 15. Kd1 Bg4 16. c3 e4 17. Qe3 Qxe3 18. dxe3 Ne5+ 19. Kd2 Nxc4+ 20.
Nxc4 Rxf7 21. Rh2 h5 22. Kc2 O-O-O 23. Bd2 g5 24. Rg1 Rg8 25. b4 Rh7 26. a4 Bf3
27. Nb2 h4 28. Be1 h3 29. Rg3 g4 30. Nc4 Kd7 31. Nd2 Rf8 32. c4 Kc6 33. Kc3 b6
34. Kd4 Rhf7 35. Nb3 Bg2 36. Rxg4 Rf1 37. Bd2 Rh1 38. Rxh1 Bxh1 39. Rh4 Bg2 40.
b5+ Kd7 41. a5 Rf1 42. Kd5 Rf5+ 43. Kd4 Rf1 44. Rh7+ Ke6 45. Kc3 Rh1 46. Rxc7
Rh2 47. Rxa7 Bf3 48. axb6 Re2 49. b7 h2 50. Nd4+ Kf6 51. Nxe2 h1=Q 52. b8=Q
Bxe2 53. Qxd6+ Kg5 54. Rg7+ Kh4 55. Qg3+ Kh5 56. Qg5# 1-0

[Event "Excelsior May op U1600"]
[Site "Toronto CAN"]
[Date "2023.05.20"]
[Round "3.26"]
[White "Uyanik, Mehmet"]
[Black "Chawla, Manav"]
[Result "1-0"]
[WhiteElo "1256"]
[BlackElo "1159"]
[PlyCount "35"]
[EventDate "2023.05.19"]
[EventType "swiss"]
[EventRounds "5"]
[EventCountry "CAN"]

1. e4 Nf6 2. e5 Nd5 3. c4 Nb6 4. d4 d6 5. f4 g6 6. Nf3 dxe5 7. fxe5 Bf5 8. Bd3
Bxd3 9. Qxd3 Bg7 10. O-O N8d7 11. e6 fxe6 12. Qe4 O-O 13. Qxe6+ Kh8 14. Bg5 Bf6
15. Nc3 Kg7 16. Qh3 Kg8 17. Bh6 Nxc4 18. Qe6+ 1-0

[Event "Excelsior May op U1600"]
[Site "Toronto CAN"]
[Date "2023.05.20"]
[Round "3.28"]
[White "Dave, Jashank"]
[Black "Li, Sarina"]
[Result "0-1"]
[WhiteElo "1241"]
[BlackElo "1033"]
[PlyCount "72"]
[EventDate "2023.05.19"]
[EventType "swiss"]
[EventRounds "5"]
[EventCountry "CAN"]

1. e4 c5 2. Nc3 d6 3. g3 g6 4. Bg2 Bg7 5. d3 Nc6 6. Be3 Nf6 7. h3 a6 8. Nce2 e5
9. f4 h5 10. Nf3 exf4 11. Bxf4 Nd7 12. c3 Nde5 13. O-O Nxf3+ 14. Rxf3 Ne5 15.
Bxe5 dxe5 16. Qb3 O-O 17. Raf1 Qc7 18. Kh2 Be6 19. Qc2 b5 20. a3 Rad8 21. Qc1
c4 22. d4 exd4 23. Nxd4 Bxd4 24. cxd4 Rxd4 25. Qh6 Rd3 26. Rxd3 cxd3 27. Rc1
Qe5 28. Qd2 Rd8 29. Rc6 h4 30. Rxa6 Qxg3+ 31. Kh1 Bxh3 32. Bxh3 Qxh3+ 33. Kg1
Qg3+ 34. Kf1 h3 35. Qa5 Qg2+ 36. Ke1 Qe2# 0-1

[Event "Excelsior May op U1600"]
[Site "Toronto CAN"]
[Date "2023.05.21"]
[Round "4.16"]
[White "Yusuf, Atiba"]
[Black "Saltat, Michael"]
[Result "1-0"]
[WhiteElo "1399"]
[BlackElo "1546"]
[PlyCount "61"]
[EventDate "2023.05.19"]
[EventType "swiss"]
[EventRounds "5"]
[EventCountry "CAN"]

1. e4 d5 2. exd5 Qxd5 3. Nc3 Qa5 4. Nf3 Nf6 5. h3 c6 6. Bc4 Bf5 7. O-O e6 8.
Re1 Nbd7 9. d4 O-O-O 10. Qe2 Bb4 11. Bd2 h6 12. a3 Bxc3 13. Bxc3 Qc7 14. a4 g5
15. Ne5 Nxe5 16. dxe5 Nd5 17. Bxd5 Rxd5 18. a5 h5 19. Bb4 g4 20. h4 c5 21. Bc3
Rhd8 22. Rec1 R8d7 23. Rab1 Qd8 24. b4 Qxh4 25. bxc5 g3 26. fxg3 Qxg3 27. c6
Rc7 28. cxb7+ Rxb7 29. Qa6 Rdd7 30. Qc6+ Rbc7 31. Qa8# 1-0

[Event "Excelsior May op U1600"]
[Site "Toronto CAN"]
[Date "2023.05.21"]
[Round "4.17"]
[White "Fu, Odyssey"]
[Black "Chen, Michael"]
[Result "1-0"]
[WhiteElo "1320"]
[BlackElo "1288"]
[PlyCount "41"]
[EventDate "2023.05.19"]
[EventType "swiss"]
[EventRounds "5"]
[EventCountry "CAN"]

1. e4 e6 2. d4 d5 3. Nd2 c5 4. c3 Nc6 5. Ne2 Nge7 6. e5 cxd4 7. cxd4 Nf5 8. Nf3
Qb6 9. Be3 Bb4+ 10. Nc3 Bd7 11. Be2 Nxe3 12. fxe3 Rc8 13. O-O O-O 14. Qd3 Bxc3
15. bxc3 Na5 16. Ng5 g6 17. e4 Qc7 18. Qh3 h5 19. Rac1 Be8 20. Rf6 Kg7 21.
Rxg6+ 1-0

[Event "Excelsior May op U1600"]
[Site "Toronto CAN"]
[Date "2023.05.21"]
[Round "4.18"]
[White "Sheth, Rudra"]
[Black "Sekaran, Adithya"]
[Result "1-0"]
[WhiteElo "1438"]
[BlackElo "1324"]
[PlyCount "72"]
[EventDate "2023.05.19"]
[EventType "swiss"]
[EventRounds "5"]
[EventCountry "CAN"]

1. e4 c6 2. d4 d5 3. e5 Bf5 4. h4 e6 5. g4 Bb4+ 6. Nc3 Ne7 7. gxf5 Nxf5 8. a3
Bxc3+ 9. bxc3 Nxh4 10. Qg4 Ng6 11. Bd3 Qe7 12. Bxg6 fxg6 13. Rxh7 Rxh7 14.
Qxg6+ Kd7 15. Qxh7 Na6 16. Nf3 c5 17. Be3 cxd4 18. cxd4 Rc8 19. Ke2 Nc7 20. Rg1
Ne8 21. Qd3 Nc7 22. Ng5 a6 23. f4 Nb5 24. f5 exf5 25. Qxf5+ Kc7 26. Ne6+ Kb8
27. Rxg7 Qxa3 28. Nc5 Nc7 29. e6 Qa5 30. Bf4 Qb5+ 31. Ke3 Qc6 32. Bxc7+ Rxc7
33. Rxc7 Qxc7 34. Qf4 Qxf4+ 35. Kxf4 b6 36. Nxa6+ Kc8 1-0

[Event "Excelsior May op U1600"]
[Site "Toronto CAN"]
[Date "2023.05.21"]
[Round "4.19"]
[White "Chen, Matthew"]
[Black "Shah, Mustafa"]
[Result "1-0"]
[WhiteElo "1298"]
[BlackElo "1423"]
[PlyCount "97"]
[EventDate "2023.05.19"]
[EventType "swiss"]
[EventRounds "5"]
[EventCountry "CAN"]

1. e4 c6 2. d4 d5 3. f3 dxe4 4. fxe4 e5 5. Nf3 Bg4 6. Bc4 Nd7 7. Bxf7+ Kxf7 8.
O-O Ngf6 9. Bg5 Qb6 10. Bxf6 gxf6 11. Ng5+ Ke8 12. Qxg4 Qxd4+ 13. Kh1 fxg5 14.
Rd1 Qxd1+ 15. Qxd1 Bc5 16. Qh5+ Kd8 17. Nd2 h6 18. Nf3 Kc7 19. Rd1 Rad8 20. Qf7
Rhf8 21. Qe6 Rfe8 22. Qxh6 g4 23. Ng5 Nf8 24. Rd3 g3 25. hxg3 Nd7 26. Ne6+ Rxe6
27. Qxe6 Rh8+ 28. Qh3 Rxh3+ 29. gxh3 Nf6 30. g4 Nxe4 31. Kg2 Ng5 32. h4 Ne6 33.
Kf3 Nf4 34. Rd1 Bd6 35. c4 c5 36. g5 Kd7 37. Kg4 Ke6 38. h5 Bf8 39. h6 Ng6 40.
Rf1 e4 41. Rf6+ Ke5 42. Rxg6 Kd4 43. h7 e3 44. h8=Q+ Kd3 45. Qxf8 e2 46. Qd6+
Ke3 47. Re6+ Kf2 48. Qd2 b5 49. Rxe2+ 1-0